[Event "26.Off.Bayer.Senioren-EM 2014"]
[Site "Bergen"]
[Date "2014.06.22"]
[Round "2.29"]
[White "Flockerzi, Armin"]
[Black "Hein, Manfred"]
[Result "0-1"]
[WhiteElo "1565"]
[BlackElo "1943"]
[PlyCount "144"]
[EventDate "2014.??.??"]
[WhiteTeam "VfR-SC Koblenz"]
[BlackTeam "FC Gunzenhausen 1910 e.V"]

1. Nf3 d5 2. d4 Nf6 3. g3 h6 4. Bg2 c6 5. b3 Bf5 6. Nbd2 e6 7. Bb2 Nbd7 8. O-O
Be7 9. Re1 O-O 10. Qc1 Ne4 11. c4 Rc8 12. c5 b6 13. b4 bxc5 14. dxc5 Rb8 15. a3
a5 16. Ne5 Nxe5 17. Bxe5 Nxd2 18. Qxd2 Rb5 19. e4 dxe4 20. Qxd8 Bxd8 21. Bd6
Re8 22. Bxe4 Bxe4 23. Rxe4 Bf6 24. Rb1 Bc3 25. Bc7 axb4 26. axb4 Ra8 27. Be5
Bxe5 28. Rxe5 Rab8 29. Re4 Rxc5 30. Rd4 Rcb5 31. Rc1 Rxb4 32. Rxb4 Rxb4 33.
Rxc6 g5 34. h3 Kg7 35. Rd6 h5 36. Kg2 Rb2 37. Rc6 g4 38. hxg4 hxg4 39. Rc4 f5
40. Rc7+ Kf6 41. Rc6 Re2 42. Kf1 Rd2 43. Rc4 Rb2 44. Ra4 Rb6 45. Ra8 Rd6 46.
Rf8+ Ke5 47. Rf7 Ke4 48. Kg2 e5 49. Re7 Rd1 50. Rg7 Rd8 51. Rg6 Rf8 52. Rg7 Rf6
53. Rg8 Kd5 54. Rd8+ Rd6 55. Rf8 Ke6 56. Re8+ Kf6 57. Rf8+ Kg6 58. Re8 e4 59.
Kf1 Kf7 60. Re5 Kf6 61. Re8 Re6 62. Rxe6+ Kxe6 63. Ke2 Kd5 64. Kd2 Ke6 65. Ke2
Ke5 66. Ke3 f4+ 67. Ke2 fxg3 68. fxg3 Kd4 69. Kd2 e3+ 70. Ke2 Ke4 71. Kf1 Kf3
72. Ke1 Kxg3 0-1

[Event "26.Off.Bayer.Senioren-EM 2014"]
[Site "Bergen"]
[Date "2014.06.22"]
[Round "2.30"]
[White "Klein, Klaus"]
[Black "Moderegger, Ludwig"]
[Result "1-0"]
[WhiteElo "1809"]
[BlackElo "1528"]
[PlyCount "55"]
[EventDate "2014.??.??"]
[WhiteTeam "SF Heidelberg"]
[BlackTeam "SF Bad Reichenhall"]

1. e4 e5 2. Nf3 Nc6 3. Bb5 Nf6 4. O-O d6 5. d4 Bd7 6. Nc3 exd4 7. Nxd4 Ne5 8.
Bg5 a6 9. Bxd7+ Nexd7 10. Kh1 Be7 11. Nf5 O-O 12. Nxe7+ Qxe7 13. Qf3 c6 14.
Rad1 Ne5 15. Bxf6 gxf6 16. Qf5 Kh8 17. f4 Ng6 18. Rd3 Rg8 19. g3 Qe6 20. Qxe6
fxe6 21. Rxd6 Rge8 22. Rfd1 Rac8 23. Na4 Nf8 24. Nc5 Rc7 25. Rd8 Rxd8 26. Rxd8
Kg7 27. Rxf8 Re7 28. Rd8 1-0

[Event "26.Off.Bayer.Senioren-EM 2014"]
[Site "Bergen"]
[Date "2014.06.22"]
[Round "2.31"]
[White "Stephan, Hubert"]
[Black "Hermann, Josef"]
[Result "1-0"]
[WhiteElo "1540"]
[BlackElo "1687"]
[PlyCount "59"]
[EventDate "2014.??.??"]
[WhiteTeam "SC Prien"]
[BlackTeam "TSV Trostberg"]

1. e4 e6 2. d4 d5 3. exd5 exd5 4. Bd3 Bd6 5. Nf3 Bg4 6. O-O Qf6 7. Re1+ Ne7 8.
Bg5 Qxg5 9. Nxg5 Bxd1 10. Rxd1 h6 11. Nf3 O-O 12. c3 Nd7 13. Nbd2 Nf6 14. Re1
Ng6 15. Ne5 Nf4 16. Bc2 Rfe8 17. Ndf3 Re7 18. g3 Ne6 19. Re3 Bxe5 20. Nxe5 Rae8
21. Rae1 g6 22. b4 c6 23. Nxg6 Rd7 24. Ne5 Rde7 25. Kg2 Kg7 26. h3 Ng5 27. Ng4
Rxe3 28. Rxe3 Rxe3 29. Nxe3 b5 30. f3 1-0

[Event "26.Off.Bayer.Senioren-EM 2014"]
[Site "Bergen"]
[Date "2014.06.22"]
[Round "2.32"]
[White "Garms, Ilse"]
[Black "Niedermaier, Peter"]
[Result "1-0"]
[WhiteElo "1532"]
[BlackElo "1684"]
[PlyCount "79"]
[EventDate "2014.??.??"]
[WhiteTeam "ESV 1949 Eberswalde e.V."]
[BlackTeam "SU Ebersberg-Grafing"]

1. d4 Nf6 2. Nf3 g6 3. c4 Bg7 4. Nc3 d5 5. e3 O-O 6. cxd5 Nxd5 7. Qb3 Nb6 8.
Be2 Be6 9. Qc2 Na6 10. a3 c6 11. O-O Nc7 12. Rd1 a5 13. a4 Na6 14. Na2 Bxa2 15.
Bxa6 Rxa6 16. Rxa2 Nd5 17. Bd2 Nb4 18. Bxb4 axb4 19. b3 Qd6 20. Nd2 Rfa8 21.
Nc4 Qd8 22. Nb2 e6 23. Qd2 Bf8 24. Nd3 Qb6 25. Rc2 Rd8 26. Qe1 Ra5 27. Rdc1 Rh5
28. Rc4 Qc7 29. f4 Qa5 30. Nxb4 b5 31. axb5 cxb5 32. Ra1 Qxa1 33. Qxa1 bxc4 34.
Nc6 Rd6 35. Ne5 cxb3 36. Qb2 Rb6 37. Nd7 Rhb5 38. Nf6+ Kg7 39. Nd7 f6 40. g4
1-0

[Event "26.Off.Bayer.Senioren-EM 2014"]
[Site "Bergen"]
[Date "2014.06.22"]
[Round "2.33"]
[White "Walch, Roger"]
[Black "Steffl, Herbert"]
[Result "1-0"]
[WhiteElo "1681"]
[BlackElo "1512"]
[PlyCount "119"]
[EventDate "2014.??.??"]
[WhiteTeam "SW Nürnberg Süd e.V."]
[BlackTeam "ASV J'Adoube Grassau SAB"]

1. e4 e6 2. d4 d5 3. Nd2 dxe4 4. Nxe4 Nd7 5. Nf3 Ngf6 6. Ng3 c5 7. Be2 Be7 8.
O-O O-O 9. Re1 cxd4 10. Nxd4 a6 11. Bf3 Qc7 12. Ngf5 Bc5 13. Ng3 Ne5 14. Be2
Rd8 15. c3 Nc6 16. Qc2 Nxd4 17. cxd4 Bb6 18. Qxc7 Bxc7 19. Be3 Bd7 20. Rac1
Rac8 21. Bf3 Nd5 22. Bd2 Bb6 23. Bc3 Bc6 24. Ne4 Nxc3 25. bxc3 Bd5 26. a3 Ba5
27. Re3 Bb6 28. Rb1 Ba5 29. Nc5 Bxf3 30. Rxf3 b6 31. Nb7 Rd5 32. Nxa5 Rxa5 33.
Rxb6 Rxa3 34. h4 g6 35. Rb7 Rf8 36. g4 a5 37. Kg2 a4 38. Ra7 h6 39. c4 Ra1 40.
c5 a3 41. Rfxa3 Rxa3 42. Rxa3 Rc8 43. Kf3 e5 44. Ke4 exd4 45. Kxd4 Kf8 46. Kd5
Rd8+ 47. Kc6 f5 48. gxf5 gxf5 49. Rf3 Rd4 50. Rxf5+ Ke7 51. h5 Ke6 52. Rf3 Rh4
53. Re3+ Kf6 54. Kc7 Rxh5 55. c6 Rf5 56. Rh3 Rxf2 57. Rxh6+ Ke7 58. Kc8 Rf8+
59. Kb7 Rf1 60. c7 1-0

[Event "26.Off.Bayer.Senioren-EM 2014"]
[Site "Bergen"]
[Date "2014.06.22"]
[Round "2.34"]
[White "Rosmann, Armin"]
[Black "Schroeder, Klaus"]
[Result "0-1"]
[WhiteElo "1505"]
[BlackElo "1680"]
[PlyCount "56"]
[EventDate "2014.??.??"]
[WhiteTeam "SG Büchenbach/Roth e.V."]
[BlackTeam "SC Karlsdorf"]

1. e4 c6 2. d4 d5 3. e5 e6 4. Nf3 c5 5. c3 Nc6 6. Be2 cxd4 7. cxd4 Bb4+ 8. Bd2
Nge7 9. O-O O-O 10. Bg5 Qc7 11. a3 Ba5 12. Nbd2 Bxd2 13. Qxd2 Bd7 14. Rac1 Qb6
15. b4 Nf5 16. Rc5 a6 17. g4 Nfe7 18. Bf6 Ng6 19. h4 gxf6 20. exf6 Qd8 21. Qg5
b6 22. Rc3 Rc8 23. Bxa6 Nxd4 24. Bxc8 Ne2+ 25. Kh2 Nxc3 26. Bxd7 Ne4 27. Qh6
Qxf6 28. Kg2 Nf4+ 0-1

[Event "26.Off.Bayer.Senioren-EM 2014"]
[Site "Bergen"]
[Date "2014.06.22"]
[Round "2.35"]
[White "Stadler, Lothar"]
[Black "Kunert, Helmut"]
[Result "1-0"]
[WhiteElo "1674"]
[BlackElo "1491"]
[PlyCount "45"]
[EventDate "2014.??.??"]
[WhiteTeam "SAbt SV Weiss-BL.Allianz"]
[BlackTeam "SF Bad Reichenhall"]

1. c4 e5 2. Nc3 Nf6 3. e4 Bc5 4. Be2 Nc6 5. a3 a5 6. Nf3 b6 7. d3 O-O 8. Bg5
Be7 9. Qd2 Nd4 10. Bd1 d6 11. O-O Bg4 12. Bxf6 Bxf6 13. Nxd4 exd4 14. Bxg4 dxc3
15. bxc3 Rb8 16. d4 c5 17. f4 b5 18. cxb5 cxd4 19. cxd4 Qb6 20. Rfd1 Rfe8 21.
Qd3 Qxb5 22. Qxb5 Rxb5 23. Bd7 1-0

[Event "26.Off.Bayer.Senioren-EM 2014"]
[Site "Bergen"]
[Date "2014.06.22"]
[Round "2.36"]
[White "Sandner, Josef"]
[Black "Klimpel, Siegfried"]
[Result "1-0"]
[WhiteElo "1461"]
[BlackElo "1662"]
[PlyCount "47"]
[EventDate "2014.??.??"]
[WhiteTeam "SG Traunstein/Traunreut e.V."]
[BlackTeam "TSV Kareth-Lappersdorf"]

1. d4 e6 2. e3 b6 3. f4 Nf6 4. Nf3 c5 5. c3 Be7 6. Bd3 Bb7 7. Nbd2 d6 8. Qe2
Nc6 9. O-O h6 10. Bc2 Qc7 11. g3 O-O 12. h3 e5 13. dxe5 dxe5 14. Ne4 exf4 15.
Nxf6+ Bxf6 16. exf4 Rfe8 17. Qd3 g6 18. Bb3 Rad8 19. Qxg6+ Bg7 20. f5 Kh8 21.
Bxf7 Ne5 22. Nxe5 Qxe5 23. Bxh6 Bf6 24. Bf4 1-0

[Event "26.Off.Bayer.Senioren-EM 2014"]
[Site "Bergen"]
[Date "2014.06.22"]
[Round "2.37"]
[White "Lueders, Guenter"]
[Black "Nieswandt, Joseph"]
[Result "1-0"]
[WhiteElo "1659"]
[BlackElo "1443"]
[PlyCount "67"]
[EventDate "2014.??.??"]
[WhiteTeam "TSV 1883 Benshausen"]
[BlackTeam "SC Wangen"]

1. d4 d5 2. Nf3 Nf6 3. Bf4 e6 4. Nbd2 c5 5. c3 Nc6 6. e3 c4 7. Be2 h6 8. O-O
Bd6 9. Bxd6 Qxd6 10. b3 b5 11. a4 b4 12. cxb4 Qxb4 13. bxc4 O-O 14. c5 Qa5 15.
Bb5 Qc7 16. Bxc6 Qxc6 17. Qc2 Nd7 18. Rfb1 a5 19. Rb2 f6 20. Nh4 Ba6 21. Ng6
Rf7 22. Rab1 e5 23. Nh4 e4 24. Qd1 Bd3 25. Rc1 f5 26. g3 Raf8 27. Ng2 g5 28.
Ne1 Qg6 29. Nxd3 exd3 30. c6 Rb8 31. cxd7 Rff8 32. Rxb8 Rxb8 33. Rc8+ Rxc8 34.
dxc8=Q+ 1-0

[Event "26.Off.Bayer.Senioren-EM 2014"]
[Site "Bergen"]
[Date "2014.06.22"]
[Round "2.38"]
[White "Jehn, Detlef"]
[Black "Mehlhorn, Dieter"]
[Result "0-1"]
[WhiteElo "1449"]
[BlackElo "1656"]
[PlyCount "102"]
[EventDate "2014.??.??"]
[WhiteTeam "SF Bad Reichenhall"]
[BlackTeam "Post-SV Crimmitschau"]

1. e4 e5 2. Bc4 Be7 3. c3 Nf6 4. d3 d6 5. h3 Nc6 6. b4 a6 7. Nf3 O-O 8. O-O h6
9. Nh2 d5 10. exd5 Nxd5 11. f4 Nxc3 12. Nxc3 Qd4+ 13. Kh1 Qxc3 14. Bd2 Qd4 15.
a3 e4 16. Qb3 exd3 17. Nf3 Qd6 18. Bxd3 Be6 19. Qc2 Rad8 20. Be4 Bd5 21. Be3
Bxe4 22. Qxe4 Qd3 23. Qxd3 Rxd3 24. Bc1 Bf6 25. Ra2 Rfd8 26. Kh2 Na7 27. Ne5
Rd1 28. Rxd1 Rxd1 29. Rc2 c6 30. Ng4 Bd4 31. Be3 Nb5 32. Bxd4 Rxd4 33. g3 f6
34. Rc3 Rd2+ 35. Kg1 Nd4 36. Re3 Kf7 37. Nf2 Nf5 38. Rc3 Rd4 39. Kg2 Ke6 40. g4
Nd6 41. f5+ Kd7 42. Rd3 Rc4 43. Kf3 Ke7 44. Re3+ Kf7 45. Nd3 Nb5 46. Nc5 a5 47.
Nxb7 axb4 48. Nd8+ Kf8 49. axb4 Nd4+ 50. Kg3 Rxb4 51. Kh4 Nxf5+ 0-1

[Event "26.Off.Bayer.Senioren-EM 2014"]
[Site "Bergen"]
[Date "2014.06.22"]
[Round "2.39"]
[White "Wilfert, Eva-Maria"]
[Black "Wolfram, Gisbert"]
[Result "0-1"]
[WhiteElo "1414"]
[BlackElo "1637"]
[PlyCount "104"]
[EventDate "2014.??.??"]
[WhiteTeam "PTSV SK Hof 1892"]
[BlackTeam "SU Ebersberg-Grafing"]

1. d4 d5 2. c4 c6 3. Nc3 Nf6 4. Bf4 Bf5 5. cxd5 cxd5 6. Qb3 Qb6 7. Qxb6 axb6 8.
Nb5 Na6 9. Rc1 Rc8 10. Rxc8+ Bxc8 11. Nc7+ Nxc7 12. Bxc7 b5 13. e3 Bd7 14. Nf3
e6 15. a3 b4 16. Bd3 bxa3 17. bxa3 Bxa3 18. Ke2 O-O 19. Rb1 Bc6 20. Ne5 Rc8 21.
Ba5 Kf8 22. Bb4+ Bxb4 23. Rxb4 Rc7 24. g4 h6 25. h4 Ne8 26. g5 hxg5 27. hxg5
Nd6 28. f3 Ke7 29. Rb1 Rc8 30. Rh1 Bb5 31. Rh7 Bxd3+ 32. Kxd3 g6 33. Nxg6+ Ke8
34. Rh8+ Kd7 35. Rxc8 Nxc8 36. Ne5+ Ke7 37. Ng4 Nd6 38. Nh6 Kf8 39. e4 dxe4+
40. fxe4 b5 41. Ng4 Kg7 42. Ne5 f6 43. gxf6+ Kxf6 44. Nd7+ Ke7 45. Nb6 Kd8 46.
d5 e5 47. Ke3 Kc7 48. Na8+ Kb7 49. Kd3 Kxa8 50. Kc3 Kb7 51. Kd3 Kb6 52. Kc3 Kc5
0-1

[Event "26.Off.Bayer.Senioren-EM 2014"]
[Site "Bergen"]
[Date "2014.06.22"]
[Round "2.40"]
[White "Rudek, Gerald"]
[Black "Alefs, Heinz"]
[Result "1/2-1/2"]
[WhiteElo "1394"]
[BlackElo "1627"]
[PlyCount "46"]
[EventDate "2014.??.??"]
[WhiteTeam "SC Feuchtwangen 1911 e.V."]
[BlackTeam "SC Eichenau"]

1. f4 Nf6 2. Nf3 d6 3. e3 b6 4. b3 Bb7 5. Bb2 Nbd7 6. Be2 e6 7. O-O Be7 8. Nd4
c5 9. Bf3 d5 10. Ne2 Qc7 11. Na3 O-O 12. c4 Rad8 13. Ng3 dxc4 14. bxc4 a6 15.
Qe2 e5 16. Bxb7 Qxb7 17. fxe5 Ne8 18. Nf5 Nb8 19. Qg4 Rxd2 20. Bc3 Rd3 21. Bb2
Rd2 22. Bc3 Rd3 23. Bb2 Rd2 1/2-1/2

[Event "26.Off.Bayer.Senioren-EM 2014"]
[Site "Bergen"]
[Date "2014.06.22"]
[Round "2.42"]
[White "Mahrla, Hans"]
[Black "Borkenhagen, Bernd"]
[Result "1-0"]
[WhiteElo "1626"]
[BlackElo "1391"]
[PlyCount "57"]
[EventDate "2014.??.??"]
[WhiteTeam "SC Eichenau"]
[BlackTeam "SK Rinteln"]

1. e4 e5 2. Nf3 d6 3. d4 exd4 4. Nxd4 Be7 5. Bd3 Nf6 6. O-O O-O 7. f4 c5 8. Nf3
Bg4 9. h3 Bxf3 10. Qxf3 Qc7 11. c4 Nc6 12. Nc3 a6 13. Be3 b6 14. Nd5 Nxd5 15.
exd5 Nb4 16. Bb1 a5 17. a3 Na6 18. f5 Bf6 19. Ra2 Rae8 20. b3 Nb8 21. g4 h6 22.
Rg2 Kh8 23. g5 hxg5 24. Bxg5 Qe7 25. Qh5+ Kg8 26. Bh6 Qe5 27. Kh1 Qd4 28. Bxg7
Bxg7 29. f6 1-0

[Event "26.Off.Bayer.Senioren-EM 2014"]
[Site "Bergen"]
[Date "2014.06.22"]
[Round "2.43"]
[White "Husser, Oskar"]
[Black "Hartlaub, Marianne"]
[Result "0-1"]
[WhiteElo "1620"]
[BlackElo "1348"]
[PlyCount "54"]
[EventDate "2014.??.??"]
[WhiteTeam "SC Caissa Falkensee e.V."]
[BlackTeam "SK 1982 Klingenberg e.V."]

1. Nf3 Nf6 2. c4 d6 3. g3 e5 4. d3 Be7 5. Bg2 h6 6. Nc3 c6 7. O-O Bg4 8. Qb3
Qc7 9. e4 Nbd7 10. Be3 O-O 11. Nh4 Nh7 12. h3 Be6 13. Qd1 Qd8 14. Qh5 Nhf6 15.
Qe2 Kh7 16. f4 exf4 17. Bxf4 Rg8 18. e5 Ne8 19. d4 dxe5 20. dxe5 Bxh4 21. gxh4
Qxh4 22. Kh2 g5 23. Bg3 Qxc4 24. Qh5 Ng7 25. Qf3 Rad8 26. Rad1 Nf5 27. Bf2 Nxe5
0-1

[Event "26.Off.Bayer.Senioren-EM 2014"]
[Site "Bergen"]
[Date "2014.06.22"]
[Round "2.44"]
[White "Neiss, Albrecht"]
[Black "Baumgartner, Andreas"]
[Result "0-1"]
[WhiteElo "1342"]
[BlackElo "1618"]
[PlyCount "76"]
[EventDate "2014.??.??"]
[WhiteTeam "SC Kirchseeon e.V."]
[BlackTeam "ASV J'Adoube Grassau SAB"]

1. d4 d5 2. c4 e6 3. Nc3 c6 4. cxd5 exd5 5. Bf4 Nf6 6. e3 Bb4 7. Bd3 Be6 8. h3
Nbd7 9. Nge2 O-O 10. O-O a6 11. a3 Be7 12. Qc2 h6 13. Ng3 c5 14. Nce2 c4 15.
Bf5 Rc8 16. Nc3 b5 17. f3 g5 18. Be5 Qb6 19. Qf2 Nxe5 20. dxe5 Nd7 21. f4 gxf4
22. Qxf4 Bg5 23. Qg4 Nxe5 24. Qe2 Qxe3+ 25. Qxe3 Bxe3+ 26. Kh1 d4 27. Nce2 d3
28. Nc3 Bg5 29. Nge4 Bxf5 30. Rxf5 f6 31. Raf1 Kg7 32. Nd5 Rcd8 33. Nxg5 hxg5
34. Ne3 d2 35. Rd1 Rfe8 36. g4 Nd3 37. Nd5 Rxd5 38. Rxd5 Re1+ 0-1

[Event "26.Off.Bayer.Senioren-EM 2014"]
[Site "Bergen"]
[Date "2014.06.22"]
[Round "2.45"]
[White "Braeu, Emmi"]
[Black "Kammel, Rudolf"]
[Result "0-1"]
[WhiteElo "1331"]
[BlackElo "1613"]
[PlyCount "116"]
[EventDate "2014.??.??"]
[WhiteTeam "SK Marktoberdorf"]
[BlackTeam "SC Bavaria Regensb.1881"]

1. Nf3 Nf6 2. g3 d5 3. Bg2 Bf5 4. c4 e6 5. O-O Be7 6. b3 O-O 7. Bb2 Nbd7 8. d4
Rc8 9. Nbd2 h6 10. Rc1 b6 11. a3 c5 12. cxd5 exd5 13. dxc5 Nxc5 14. Ne5 Qd6 15.
Ndf3 Ne6 16. b4 Be4 17. Nh4 g5 18. Nhf3 Nd7 19. Nxd7 Qxd7 20. Ne5 Qd6 21. Bxe4
dxe4 22. Qxd6 Bxd6 23. Nc6 Rc7 24. Rfd1 Be7 25. Be5 Rb7 26. Rd5 Re8 27. Rcd1
Nf8 28. Bb2 Ne6 29. Nxe7+ Rexe7 30. Bf6 Rec7 31. Kg2 Rc4 32. e3 Kh7 33. Rd7
Rcc7 34. R7d5 Kg6 35. Be5 Re7 36. f3 exf3+ 37. Kxf3 h5 38. h3 f6 39. Bb2 Rf7
40. e4 Nf8 41. Rd6 Rbd7 42. e5 Rxd6 43. Rxd6 Nh7 44. e6 Re7 45. Ke4 g4 46. h4
Nf8 47. Kd5 Kf5 48. Rd8 Nxe6 49. Rh8 Ng7 50. Rf8 Ne8 51. Rh8 Kg6 52. Bc1 Re5+
53. Kd4 Kg7 54. Rh6 Nd6 55. Bf4 Nf5+ 56. Kc4 Nxh6 57. Bxe5 fxe5 58. Kd5 Kf6 0-1

[Event "26.Off.Bayer.Senioren-EM 2014"]
[Site "Bergen"]
[Date "2014.06.22"]
[Round "2.46"]
[White "Kunte, Herbert"]
[Black "Steckel, Werner"]
[Result "1-0"]
[WhiteElo "1603"]
[BlackElo "1338"]
[PlyCount "73"]
[EventDate "2014.??.??"]
[WhiteTeam "SK Siemens München"]
[BlackTeam "SG Siemens Amberg"]

1. d4 Nf6 2. Nf3 d6 3. c4 g6 4. Nc3 Bg7 5. e4 O-O 6. Be2 c5 7. h3 Na6 8. O-O
Bd7 9. Be3 Rc8 10. Rc1 Re8 11. Qd2 cxd4 12. Nxd4 Nc5 13. Qc2 e5 14. Nf3 Bc6 15.
Bd3 a6 16. Bxc5 dxc5 17. Rcd1 Qc7 18. Be2 Rcd8 19. b3 Qc8 20. Rfe1 Nh5 21. Kh2
Nf4 22. Bf1 Ne6 23. Nd5 Nd4 24. Qd3 b5 25. Nd2 Qb8 26. g3 b4 27. Bg2 Rd6 28.
Nf1 Bd7 29. Nfe3 Qc8 30. Rf1 Bh6 31. f4 f5 32. fxe5 Rxe5 33. Nc2 fxe4 34. Bxe4
Nf5 35. g4 Ne7 36. Nf6+ Kg7 37. Qxd6 1-0

[Event "26.Off.Bayer.Senioren-EM 2014"]
[Site "Bergen"]
[Date "2014.06.22"]
[Round "2.47"]
[White "Jurgan, Brigitte"]
[Black "Weyand, Fernand"]
[Result "1/2-1/2"]
[WhiteElo "1225"]
[BlackElo "1587"]
[PlyCount "63"]
[EventDate "2014.??.??"]
[WhiteTeam "SF Bad Reichenhall"]
[BlackTeam "SVG Saarbrücken 1970 e.V."]

1. d4 Nf6 2. Nf3 e6 3. c3 d5 4. Bg5 Be7 5. Bxf6 Bxf6 6. g3 Nd7 7. Bg2 O-O 8.
O-O c5 9. e3 Qb6 10. Qb3 c4 11. Qxb6 axb6 12. Nbd2 b5 13. a3 Nb6 14. Rab1 Bd7
15. Rfe1 Bc6 16. e4 dxe4 17. Nxe4 Bxe4 18. Rxe4 Nd5 19. Ne5 Be7 20. Ree1 Rfd8
21. Bxd5 Rxd5 22. f4 g6 23. Nf3 Kg7 24. Re5 Rad8 25. Rbe1 Bf6 26. Rxd5 Rxd5 27.
Re2 Kf8 28. Nd2 Ke8 29. Ne4 Be7 30. h4 Kd8 31. Nd2 h5 32. Nf3 1/2-1/2

[Event "26.Off.Bayer.Senioren-EM 2014"]
[Site "Bergen"]
[Date "2014.06.22"]
[Round "2.48"]
[White "Scheuerlein, Gerhard"]
[Black "Malik, Rosemarie"]
[Result "1-0"]
[WhiteElo "1585"]
[BlackElo "1327"]
[PlyCount "67"]
[EventDate "2014.??.??"]
[WhiteTeam "SK Schwabach 1907 e.V."]
[BlackTeam "SK Großweil"]

1. d4 d5 2. Nf3 Nf6 3. c4 e6 4. Nc3 c6 5. cxd5 exd5 6. Qb3 Be7 7. e4 Qb6 8. Qc2
dxe4 9. Nxe4 Bf5 10. Nxf6+ Bxf6 11. Qxf5 Qb4+ 12. Bd2 Qe7+ 13. Be3 O-O 14. Bd3
g6 15. Qg4 Re8 16. O-O Nd7 17. Rfe1 Qd6 18. Bc4 Nb6 19. Bb3 Nd5 20. Bg5 Bg7 21.
h4 h6 22. Bd2 Nf6 23. Qh3 Nd5 24. Rad1 Re7 25. Rxe7 Nxe7 26. Ne5 Nd5 27. Ng4 h5
28. Ne5 Bxe5 29. dxe5 Qxe5 30. Qf3 Qe7 31. Bg5 Qf8 32. Bxd5 cxd5 33. Rxd5 Re8
34. Qd3 1-0

[Event "26.Off.Bayer.Senioren-EM 2014"]
[Site "Bergen"]
[Date "2014.06.22"]
[Round "3.1"]
[White "Straub, Peter"]
[Black "Roeder, Frank"]
[Result "0-1"]
[WhiteElo "2009"]
[BlackElo "2184"]
[PlyCount "128"]
[EventDate "2014.??.??"]
[WhiteTeam "SK Mering"]
[BlackTeam "SV Altensittenbach"]

1. d4 d5 2. Nf3 Nf6 3. g3 Bf5 4. Bg2 e6 5. c4 c6 6. Qb3 Qb6 7. c5 Qc7 8. Bf4
Qc8 9. Nc3 Nbd7 10. Rc1 Be7 11. O-O O-O 12. Ne5 Nxe5 13. Bxe5 Nd7 14. Bd6 Bxd6
15. cxd6 Qb8 16. e4 dxe4 17. Nxe4 Bxe4 18. Bxe4 Nf6 19. Bg2 Rd8 20. Rc4 a5 21.
Rc5 Rxd6 22. Qc3 Qd8 23. b4 Nd5 24. Bxd5 Rxd5 25. Rc4 Qb6 26. bxa5 Qxa5 27.
Qxa5 Rdxa5 28. Rb1 R5a7 29. Rb6 Rc8 30. Rcb4 Rc7 31. a4 Kf8 32. Kf1 Ke7 33. Ke2
Kd8 34. Kd3 Kc8 35. Kc4 Kb8 36. Kb3 Ra5 37. Rc4 Ka7 38. Rbb4 Rd5 39. Rc3 Rcd7
40. Rf3 f6 41. Kc3 Ka6 42. Re3 R7d6 43. Re2 b6 44. Rc4 e5 45. dxe5 Rxe5 46.
Rxe5 fxe5 47. f4 exf4 48. Rxf4 Rf6 49. Re4 Rf3+ 50. Kc4 c5 51. Re7 Ra3 52. Rxg7
Rxa4+ 53. Kc3 h5 54. Rh7 b5 55. Rxh5 Kb6 56. Rh6+ Ka5 57. Rc6 c4 58. g4 Ra3+
59. Kb2 Rh3 60. g5 Rxh2+ 61. Kc3 Rh3+ 62. Kc2 Kb4 63. g6 Rh2+ 64. Kb1 Kb3 0-1

[Event "26.Off.Bayer.Senioren-EM 2014"]
[Site "Bergen"]
[Date "2014.06.22"]
[Round "3.2"]
[White "Schmidt, Gerhard"]
[Black "Selig, Rainer"]
[Result "1/2-1/2"]
[WhiteElo "2152"]
[BlackElo "1966"]
[PlyCount "146"]
[EventDate "2014.??.??"]
[WhiteTeam "Schachclub Unterhaching e.V."]
[BlackTeam "Spielver. Ebersbach/SA."]

1. d4 d5 2. c4 c6 3. e3 Nf6 4. Bd3 Bg4 5. Ne2 Nbd7 6. h3 Bh5 7. Qb3 Qb6 8. Nf4
e6 9. O-O Be7 10. Nc3 dxc4 11. Bxc4 O-O 12. Nxh5 Nxh5 13. Bxe6 Rad8 14. Qxb6
Nxb6 15. Bb3 Nf6 16. Rd1 Rfe8 17. Kf1 Bf8 18. Bd2 g6 19. Rac1 Kg7 20. Be1 Bb4
21. a3 Be7 22. Na4 Nxa4 23. Bxa4 Nd5 24. g4 Bg5 25. Bd2 f5 26. gxf5 gxf5 27.
Bb3 Nf6 28. Rc5 Kg6 29. Bc2 Nd5 30. Bb1 Rd7 31. Kg2 Be7 32. Rcc1 Bd6 33. Kf3
Kf6 34. Rg1 Ne7 35. h4 Ng6 36. Rh1 Rg7 37. Bc3 Ne7 38. d5+ Be5 39. Bxe5+ Kxe5
40. dxc6 bxc6 41. Rc5+ Ke6 42. Ra5 Rb8 43. b4 Rb7 44. h5 h6 45. Rh4 Rg5 46. Ke2
Kf6 47. Rc5 Rb5 48. Rxb5 cxb5 49. Bd3 a6 50. Rd4 Ke6 51. Rd8 Rxh5 52. Ra8 Nd5
53. Rxa6+ Ke7 54. Kf3 f4 55. Bxb5 fxe3 56. fxe3 Rh3+ 57. Kg4 Rxe3 58. Bc6 Nc7
59. Ra7 Kd6 60. b5 Rb3 61. a4 Rb2 62. Kh5 Rh2+ 63. Kg6 Rh4 64. a5 Rb4 65. b6
Ne6 66. Be8 Nc5 67. Kxh6 Rh4+ 68. Kg5 Rb4 69. Kf5 Rb2 70. Rc7 Rf2+ 71. Kg4 Rb2
72. Rc6+ Kd5 73. Rc7 Kd6 1/2-1/2

[Event "26.Off.Bayer.Senioren-EM 2014"]
[Site "Bergen"]
[Date "2014.06.22"]
[Round "3.3"]
[White "Stolpynskyy, Mark"]
[Black "Koller, Hubert"]
[Result "0-1"]
[WhiteElo "1943"]
[BlackElo "2089"]
[PlyCount "112"]
[EventDate "2014.??.??"]
[WhiteTeam "SW Nürnberg Süd e.V."]
[BlackTeam "Mostarriche/Ypps"]

1. d4 d5 2. Nf3 Nf6 3. c4 dxc4 4. e3 Be6 5. Na3 g6 6. Bxc4 Bxc4 7. Nxc4 Bg7 8.
O-O O-O 9. Qb3 Qd5 10. Ncd2 Qxb3 11. Nxb3 Nbd7 12. Bd2 Rfe8 13. Rfc1 c6 14. Be1
Ne4 15. Rc2 e6 16. Rb1 Nb6 17. Na5 Re7 18. Nb3 Rd7 19. Nc5 Nxc5 20. Rxc5 Rd5
21. Rxd5 exd5 22. b3 Re8 23. Bd2 Nd7 24. b4 a6 25. Ne1 Nb6 26. Nd3 Nc4 27. Be1
b5 28. Kf1 f5 29. g3 Kf7 30. Nc5 Ra8 31. a4 Bf8 32. Ra1 Bxc5 33. dxc5 Ke6 34.
axb5 cxb5 35. Bc3 Kd7 36. Ke2 Kc6 37. Bd4 a5 38. bxa5 Rxa5 39. Rxa5 Nxa5 40.
Kf3 Nb3 41. Kf4 Nxc5 42. Ke5 Ne4 43. f4 Nd2 44. Kf6 Nf3 45. Bc3 Nxh2 46. Kg7
Nf1 47. Kxh7 Nxg3 48. Kxg6 Kc5 49. Be1 Nf1 50. Kxf5 Nxe3+ 51. Ke5 Kc4 52. f5
Ng4+ 53. Kf4 Nf6 54. Ke5 Ne4 55. f6 Nxf6 56. Kxf6 b4 0-1

[Event "26.Off.Bayer.Senioren-EM 2014"]
[Site "Bergen"]
[Date "2014.06.22"]
[Round "3.4"]
[White "Urytskyy, Arkadiy"]
[Black "Neubauer, Jaroslaus"]
[Result "1/2-1/2"]
[WhiteElo "2084"]
[BlackElo "1889"]
[PlyCount "55"]
[EventDate "2014.??.??"]
[WhiteTeam "TSV Bindlach Aktionär-Schachabte"]
[BlackTeam "Schachklub Schweinfurt 2000 e.V."]

1. Nf3 Nf6 2. g3 d5 3. c4 e6 4. Bg2 Be7 5. O-O O-O 6. b3 c6 7. d3 Nbd7 8. Bb2
b6 9. Nbd2 Bb7 10. e4 dxe4 11. dxe4 c5 12. Qc2 Qc7 13. e5 Ng4 14. Rfe1 Rad8 15.
h3 Nh6 16. Ne4 Bxe4 17. Qxe4 Nb8 18. g4 Rd7 19. Bc1 Rfd8 20. Bg5 Nc6 21. Bxe7
Nxe7 22. Ng5 Ng6 23. Nf3 Rd3 24. h4 Qe7 25. Bf1 R3d7 26. g5 Nf5 27. h5 Nf8 28.
Qf4 1/2-1/2

[Event "26.Off.Bayer.Senioren-EM 2014"]
[Site "Bergen"]
[Date "2014.06.22"]
[Round "3.5"]
[White "Simin, Vladimir"]
[Black "Miskevicer, Boris"]
[Result "1/2-1/2"]
[WhiteElo "1883"]
[BlackElo "2079"]
[PlyCount "44"]
[EventDate "2014.??.??"]
[WhiteTeam "FC Ergolding 1932 e.V."]
[BlackTeam "SG Schwabing München Nord e.V."]

1. c4 f5 2. g3 e5 3. Bg2 Nf6 4. Nf3 Nc6 5. d3 Be7 6. Nc3 O-O 7. O-O d6 8. a3
Nd4 9. b4 c6 10. e3 Nxf3+ 11. Bxf3 g5 12. b5 Bd7 13. a4 Qe8 14. Bg2 f4 15. Ne4
Nxe4 16. Bxe4 Qf7 17. exf4 gxf4 18. bxc6 bxc6 19. Qf3 Rac8 20. gxf4 exf4 21.
Bb2 Bf6 22. Bxf6 Qxf6 1/2-1/2